000 00563nam a2200193Ia 4500
005 20260120124506.0
008 008 260114s9999 xx 000 0 eng d
020 _a9781787438163
037 _aEBOOK
040 _aCRL
_beng
_cCRL
041 _aeng
_2eng
084 _qCRL
245 0 _aGovernance and Regulations? Contemporary Issues
260 _bEmerald Publishing
_c2018
700 _aPierpaolo Marano
_9907062
856 _uhttps://www.emerald.com/insight/publication/doi/10.1108/S1569-3759201899
942 _cEBOOK
999 _c1498749
_d1498749